Rājāji kataikaḷ. (Record no. 81751)

MARC details
000 -LEADER
fixed length control field 00510cam a22002051 4500
001 - CONTROL NUMBER
control field sa 68007255
003 - CONTROL NUMBER IDENTIFIER
control field DLC
005 - DATE AND TIME OF LATEST TRANSACTION
control field 20260227112522.0
008 - FIXED-LENGTH DATA ELEMENTS--GENERAL INFORMATION
fixed length control field 860721s1963 xx 000 0 tam
010 ## - LIBRARY OF CONGRESS CONTROL NUMBER
LC control number sa 68007255
035 ## - SYSTEM CONTROL NUMBER
System control number (OCoLC)34898762
040 ## - CATALOGING SOURCE
Original cataloging agency DLC
Transcribing agency MnU
Modifying agency DLC
042 ## - AUTHENTICATION CODE
Authentication code premarc
050 00 - LIBRARY OF CONGRESS CALL NUMBER
Classification number PL4758.9.R2595
Item number R3
100 1# - MAIN ENTRY--PERSONAL NAME
Personal name Rajagopalachari, C.
Fuller form of name (Chakravarti),
Dates associated with a name 1878-1972.
245 10 - TITLE STATEMENT
Title Rājāji kataikaḷ.
260 ## - PUBLICATION, DISTRIBUTION, ETC.
Date of publication, distribution, etc. [1963].
300 ## - PHYSICAL DESCRIPTION
Extent 230 p.
Dimensions 18 cm.
500 ## - GENERAL NOTE
General note In Tamil.

No items available.

Powered by Koha